| 000 | 00575nam a2200193Ia 4500 | ||
|---|---|---|---|
| 003 | IN-BaIIA | ||
| 008 | 211028s9999 xx 000 0 eng d | ||
| 020 | _a978-1-4479-0867-4 | ||
| 040 | _cIIA Library | ||
| 080 |
_a524.6-52 _bCOM |
||
| 100 |
_aCombes, Francoise _934137 |
||
| 245 | 0 |
_aMysteries of galaxy formation _cFrancoise Combes |
|
| 260 |
_aBerlin _bSpringer _c2010 |
||
| 300 | _axiv, 191p. | ||
| 650 |
_aDark matter _914945 |
||
| 650 |
_aGalaxy formation _910073 |
||
| 650 |
_aOrigins of black holes _934138 |
||
| 942 | _cBK | ||
| 999 |
_c17941 _d17941 |
||